| 000 | 01630nam a2200253 i 4500 | ||
|---|---|---|---|
| 001 | 73391 | ||
| 003 | ES-MaACL | ||
| 005 | 20250415063057.0 | ||
| 007 | t| | ||
| 008 | 041006s2004 sp ||||1| spa d | ||
| 020 | _a84-8310-259-5 | ||
| 080 | _a821.134.2-31"19" | ||
| 100 | 1 |
_aGrandes, Almudena, _d1960-2021 _959600 |
|
| 245 | 1 | 0 |
_aCastillos de cartón / _cAlmudena Grandes. |
| 250 | _a1ª ed. | ||
| 260 |
_aBarcelona : _bTusquets, _c2004. |
||
| 300 |
_a199 p. ; _c21 cm. |
||
| 490 | 1 |
_aAndanzas ; _v529 |
|
| 520 | _aMaría José Sánchez trabaja de tasadora de arte en una casa madrileña de subastas. Un día recibe la llamada de un antiguo compañero y amante, Jaime González, anunciándole que su común amigo, Marcos Molina Schulz, se ha suicidado. La noticia no sólo devuelve a la narradora a su época de estudiante de Bellas Artes, cuando todavía soñaba con ser pintora, sino que le hace revivir la torrencial historia de amor que vivieron los tres cuando ella apenas tenía veinte años. Con la amarga emoción de lo que se siente irrecuperable, María José reconstruye los detalles de aquella pasión triangular, imposible y excesiva, la alegría desbordante con que exploraron el sexo, la intimidad sin tapujos recién estrenada, la entrega cómplice y excluyente a la pintura. Fueron destellos de una felicidad intensa, verdadera, que sólo acabaron ensombreciendo los celos de los amantes y la injusta negociación con el talento de los tres aprendices de artista. | ||
| 830 | 1 | 0 |
_aColección Andanzas _v529 _9234359 |
| 852 | 4 |
_aES-MaACL _jL-28222 |
|
| 942 | _2udc | ||
| 999 |
_c73391 _d73391 |
||